00735nam a2200193 a 4500001001000000003000900010005001700019007000300036008004100039020001800080040002500098082001900123111016900142245016000311260003600471300002800507650000300535710000300538000028556DO-SdBNP20221130083931.0ta110411s2017 dr a r 000 0 spa d a9789945899078 aDO-SdBNPbspacBNPHU axxxbC749m2222 aCongreso Internacional Perspectivas de las Formación de Docentes : Innovación y Calidadd22 de sep. de 2016, en el Hotel Barceló santo DomingocSanto Domingo)10aMemorias del Congreso Internacional Perspectivas de las Formación de Docentes :b Innovación y Calidad /cCompilado por José Rafael Croussett Paredes aSanto Domingo :bINFOTEP,c2017 a218 p. :bil. ;c29 cm. 42